Подробности
| 000 -МАРКЕР |
| контрольное поле |
01622nam2a2200337 4500 |
| 001 - ИДЕНТИФИКАТОР ЗАПИСИ |
| контрольное поле |
RU\NLR\bibl\1010851 |
| 005 - ИДЕНТИФИКАТОР ВЕРСИИ |
| контрольное поле |
20250614231137.0 |
| 010 ## - МЕЖДУНАРОДНЫЙ СТАНДАРТНЫЙ НОМЕР КНИГИ (ISBN) |
| Номер (ISBN) |
5-89816-048-5 |
| 010 ## - МЕЖДУНАРОДНЫЙ СТАНДАРТНЫЙ НОМЕР КНИГИ (ISBN) |
| Номер (ISBN) |
5-89816-046-9 |
| Уточнения |
кн. 6 |
| 021 ## - НОМЕР ГОСУДАРСТВЕННОЙ РЕГИСТРАЦИИ |
| Код страны |
российская федерация |
| Номер |
2006-63751 |
| Номер Листа государственной регистраци |
3183 |
| 035 ## - ДРУГИЕ СИСТЕМНЫЕ НОМЕРА |
| Идентификатор записи |
(NLR Aleph) 000998482 |
| 100 ## - ДАННЫЕ ОБЩЕЙ ОБРАБОТКИ |
| Данные общей обработки |
20061120d2005 |||y0rusy50 ca |
| 101 0# - ЯЗЫК РЕСУРСА |
| Язык текста, звукозаписи и т.д. |
русский |
| 102 ## - СТРАНА ПУБЛИКАЦИИ ИЛИ ПРОИЗВОДСТВА |
| Страна публикации |
российская федерация |
| 105 ## - ПОЛЕ КОДИРОВАННЫХ ДАННЫХ: ТЕКСТОВЫЕ МАТЕРИАЛЫ, МОНОГРАФИЧЕСКИЕ |
| Кодированные данные о монографическом текстовом документе |
a ||||||||| |
| 200 1# - ЗАГЛАВИЕ И СВЕДЕНИЯ ОБ ОТВЕТСТВЕННОСТИ |
| Основное заглавие |
Эндокринные болезни и нарушения обмена веществ |
| 210 ## - ПУБЛИКАЦИЯ, РАСПРОСТРАНЕНИЕ И ДР. |
| Дата издания, распространения и т.д. |
2005 |
| Место издания, распространения и т.д. |
Б. м. |
| 215 ## - ФИЗИЧЕСКАЯ ХАРАКТЕРИСТИКА |
| Специфическое обозначение материала и объем |
2759,10 с. |
| Другие сведения о физической характеристике |
ил. |
| 225 1# - СЕРИЯ |
| Основное заглавие серии |
...;N 1 |
| 320 ## - ПРИМЕЧАНИЯ О НАЛИЧИИ В ДОКУМЕНТЕ БИБЛИОГРАФИИ / УКАЗАТЕЛЯ |
| Текст примечания |
Библиогр. в конце разделов |
| 320 ## - ПРИМЕЧАНИЯ О НАЛИЧИИ В ДОКУМЕНТЕ БИБЛИОГРАФИИ / УКАЗАТЕЛЯ |
| Текст примечания |
Предм. указ.: с.1-10 2-й паг. |
| 461 #0 - УРОВЕНЬ НАБОРА |
| Встроенное поле |
001RU\NLR\bibl\886573 |
| -- |
2001#$aВнутренние болезни по Тинсли Р. Харрисону$vКн. 6 |
| Системный номер (АБИС) связанной записи |
1623816 |
| Место публикации |
Москва |
| Дата публикации |
2005 |
| Издание |
[14-е изд.] |
| Первые сведения об ответственности |
пер. с англ. под общ. ред. к.м.н. Н.Н. Алипова, к.б.н. Е.Р. Тимофеевой |
| Имя издателя, распространителя и т.д. |
Практика |
| Сведения, относящиеся к заглавию |
[руководство : в 7 т.] |
| Заглавие |
Внутренние болезни по Тинсли Р. Харрисону |
| ISBN |
5-89816-048-5 |
| Номер тома |
Кн. 6 |
| 606 1# - НАИМЕНОВАНИЕ ТЕМЫ КАК ПРЕДМЕТ |
| Наименование темы |
Железы внутренней секреции |
| Формальный подзаголовок |
Руководства, пособия и т.п. |
| Тематический подзаголовок |
Болезни |
| Системный номер авторитетной/нормативной записи |
1053866 |
| Идентификатор авторитетной/нормативной записи |
RU\NLR\auth\6689626 |
| 606 1# - НАИМЕНОВАНИЕ ТЕМЫ КАК ПРЕДМЕТ |
| Наименование темы |
Обмен веществ |
| Формальный подзаголовок |
Руководства, пособия и т.п. |
| Тематический подзаголовок |
Болезни |
| Системный номер авторитетной/нормативной записи |
922451 |
| Идентификатор авторитетной/нормативной записи |
RU\NLR\auth\6619518 |
| 686 ## - ИНДЕКСЫ ДРУГИХ КЛАССИФИКАЦИЙ |
| Индекс |
Р415я7 |
| 801 #0 - ИСТОЧНИК ЗАПИСИ |
| Страна |
российская федерация |
| Организация |
NLR |
| Дата составления |
20061120 |
| Правила каталогизации |
rcr |
| 801 #1 - ИСТОЧНИК ЗАПИСИ |
| Страна |
российская федерация |
| Организация |
NLR |
| Дата составления |
20061120 |
| 942 ## - ДОПОЛНИТЕЛЬНЫЕ ЭЛЕМЕНТЫ ЗАПИСИ (АБИС) |
| Тип экземпляра АБИС |
Книга |
| 980 ## - КОЛЛЕКЦИЯ |
| Название коллекции |
Национальная библиография |